00521nam a2200193Ia 4500008004100000020001600041050000900057050001400066245003900080245003800119260001500157260002300172260000900195300001600204300004100220300001100261650002200272650003300294170203s9999 xx 000 0 und d a0 755435060 a0 30 bM995 2004 aMy first book on the human body :  ba visual guide to human anatomy / aEngland :  bGrandreams Books,  c2004 a45 pages :  bcolor illustrations, color portraits c30 cm. aHuman anatomy --  xStudy and teaching (Primary)